| 000 | 00393nam a22001457a 4500 | ||
|---|---|---|---|
| 005 | 20170726152609.0 | ||
| 008 | 170726b xxu||||| |||| 00| 0 eng d | ||
| 020 | _a978-93-85000-90-4 | ||
| 041 | _aeng | ||
| 100 |
_aARORA, V P S & ISAAC, K P AND OTHERS _93887 |
||
| 245 | _aRESEARCH METHODOLOGY FOR FACULTY | ||
| 260 |
_aNEW DELHI _bCEGR, BHARTI PUBLICATION |
||
| 300 | _a271p. | ||
| 942 | _cBK | ||
| 999 |
_c5507 _d5505 |
||